000 00692nam a2200277Ia 4500
005 20260324112341.0
008 008 260324s9999 xx 000 0 eng d
020 _a9781003423188
037 _aEBOOK
040 _aCRL
040 _beng
040 _cCRL
041 _2eng
041 _aeng
084 _qCRL
100 _aMarina F R Ribeiro
_91142335
245 0 _aWhy Read Ogden? The Importance of Thomas Ogden's Work for Contemporary Psychoanalysis
260 _bTaylor and Francis
260 _c2024
365 _a
365 _b205
856 _uhttp://www.taylorfrancis.com/books/9781003423188
942 _cEBOOK
999 _c1731503
_d1731503